00411nam a2200181Ia 4500008004100000020001400041050001600055100002100071245001900092245002400111260001500135260001600150260000900166300001600175300002000191300001000211500000800221170918s9999 xx 000 0 und d a590485652 bB369bo 1962 aBeatty, Patricia aBonanza girl / cby Patricia Beatty. aNew York : bScholastic, c1962 a210 pages : billustrations ; c19cm. a920